| 000 | 01709cad a2200325 4500 | ||
|---|---|---|---|
| 001 | L158548 | ||
| 008 | 110215n2013 000 0 eng u | ||
| 020 | _a9781783210305 | ||
| 035 | _a(Sirsi) u158548 | ||
| 041 | _aeng | ||
| 100 | 2 | _aSrinath, Perera | |
| 111 | 2 |
_aConstruction and Building Research Conference _cIIT Delhi, New Delhi _d10-12 September 2013 |
|
| 245 | 0 | 2 |
_aA competency mapping framework for programme appraisal and accreditation _BThe concept and its application _h[electronic resource] |
| 260 |
_aLondon _bRICS _c2013 |
||
| 490 | 0 |
_aCOBRA _v2013 |
|
| 520 | _aA paper presented at the COBRA Conference in New Delhi on 10-12 September 2013. A recent RICS study investigating views on both industry and academia concluded that there are significant levels of dissatisfaction with the quality of quantity surveying (QS) graduates. It identified the root cause of the issue as graduates produced from different RICS accredited degree programmes having significantly different competency levels, often far below what the industry expects. This research following from the recommendations of the above study, aims at developing a competency mapping framework (CMF) for programme appraisal and accreditation, using a four staged research strategy. | ||
| 650 | 2 | 4 | _aCONSTRUCTION AND BUILDING RESEARCH CONFERENCE (COBRA) |
| 650 | 2 | 4 | _aCOMPETENCY MAPPING FRAMEWORK |
| 650 | 2 | 4 | _aRICS ACCREDITATION |
| 650 | 2 | 4 | _aACCREDITATION |
| 651 | 4 | _aIndia | |
| 690 |
_aAPC _96216 |
||
| 690 |
_aQuantity surveying _96263 |
||
| 700 | 1 | _aPearson, John | |
| 700 | 1 | _aZhou, Lei | |
| 700 | 1 | _aEkundayo, Damilola | |
| 700 | 1 | _aFetais, Abdulla | |
| 710 | 1 | _aNorthumbria University | |
| 942 | _n0 | ||
| 999 |
_c115374 _d115374 |
||